[Event "Police Gniota Memorial 34th"]
[Site "Police"]
[Date "2019.07.17"]
[Round "8"]
[White "Pawlicz, Adam"]
[Black "Pahl, Erik"]
[Result "1/2-1/2"]
[WhiteElo "2032"]
[BlackElo "2006"]
[PlyCount "77"]
[EventDate "2019.07.10"]
[EventType "swiss"]
[EventRounds "9"]
[EventCountry "POL"]
[SourceTitle "EXT 2020"]
[Source "ChessBase"]
[SourceDate "2019.10.17"]
[SourceVersion "1"]
[SourceVersionDate "2019.10.17"]
[SourceQuality "1"]

1. d4 Nf6 2. c4 g6 3. Nc3 Bg7 4. e4 d6 5. Nf3 0-0 6. Be2 e5 7. 0-0 Nh5 8. dxe5 dxe5 9. Bg5 Qxd1 10. Rfxd1 c6 11. Rd2 Nf4 12. Bf1 Bg4 13. Ne1 h6 14. Be7 Re8 15. Bd6 Bf8 16. f3 Bxd6 17. Rxd6 Be6 18. Rad1 Na6 19. Nc2 Kf8 20. b4 Ke7 21. c5 Nc7 22. g3 Nh5 23. Ne3 Red8 24. Bc4 Ng7 25. Rxd8 Rxd8 26. Rxd8 Kxd8 27. Bxe6 Ngxe6 28. Ng4 Na6 29. a3 f6 30. Nxf6 h5 31. h4 Nd4 32. Kf2 Ke7 33. Nh7 Nc2 34. Nb1 Nc7 35. Ke2 Nb5 36. Kd3 Ne1+ 37. Ke2 Nc2 38. Kd3 Ne1+ 39. Ke2 1/2-1/2

[Event "Police Gniota Memorial 34th"]
[Site "Police"]
[Date "2019.07.15"]
[Round "6"]
[White "Pawlicz, Adam"]
[Black "Olenderek, Tomasz"]
[Result "1/2-1/2"]
[WhiteElo "2032"]
[BlackElo "2076"]
[PlyCount "65"]
[EventDate "2019.07.10"]
[EventType "swiss"]
[EventRounds "9"]
[EventCountry "POL"]
[SourceTitle "EXT 2020"]
[Source "ChessBase"]
[SourceDate "2019.10.17"]
[SourceVersion "1"]
[SourceVersionDate "2019.10.17"]
[SourceQuality "1"]

1. d4 d5 2. c4 e6 3. Nc3 c5 4. cxd5 exd5 5. Nf3 Nc6 6. g3 Nf6 7. Bg2 Be7 8. 0-0 0-0 9. Bg5 Be6 10. e3 Ne4 11. Bxe7 Qxe7 12. Rc1 Nxc3 13. Rxc3 c4 14. b3 b5 15. bxc4 bxc4 16. Ne5 Nxe5 17. dxe5 Qc5 18. Qd2 Rfd8 19. Rd1 Rab8 20. Bf3 h6 21. Kg2 a5 22. Qd4 Qxd4 23. Rxd4 Rd7 24. Rd2 Rb5 25. g4 g5 26. h3 Kg7 27. Bd1 Rc5 28. Kg3 f6 29. exf6+ Kxf6 30. Bc2 Rd8 31. Rd4 Ke5 32. Rd1 Kf6 33. Rd4 1/2-1/2

[Event "Police Gniota Memorial 34th"]
[Site "Police"]
[Date "2019.07.14"]
[Round "5"]
[White "Krzywnicka, Maria"]
[Black "Pawlicz, Adam"]
[Result "1/2-1/2"]
[WhiteElo "1756"]
[BlackElo "2032"]
[PlyCount "84"]
[EventDate "2019.07.10"]
[EventType "swiss"]
[EventRounds "9"]
[EventCountry "POL"]
[SourceTitle "EXT 2020"]
[Source "ChessBase"]
[SourceDate "2019.10.17"]
[SourceVersion "1"]
[SourceVersionDate "2019.10.17"]
[SourceQuality "1"]

1. e4 e5 2. Nf3 Nf6 3. Nxe5 d6 4. Nf3 Nxe4 5. Nc3 Nxc3 6. dxc3 Be7 7. h3 0-0 8. Bd3 Nd7 9. Bf4 Re8 10. 0-0 Nc5 11. Re1 Bd7 12. Bf1 Ne6 13. Be3 Bf6 14. Nd4 Nxd4 15. cxd4 Bf5 16. Bd3 Qd7 17. c3 c6 18. Qc2 Bxd3 19. Qxd3 d5 20. Bf4 g6 21. Bd2 Rxe1+ 22. Rxe1 Re8 23. Rxe8+ Qxe8 24. f3 Qe6 25. Qe3 Qxe3+ 26. Bxe3 b5 27. Kf1 Be7 28. Bf4 b4 29. Ke2 bxc3 30. bxc3 Kf8 31. Kd3 Ke8 32. Bb8 a6 33. Kc2 Kd7 34. Bf4 Kc8 35. Kb3 Kb7 36. c4 Bh4 37. cxd5 cxd5 38. Bd6 Kc6 39. Bc5 Kb5 40. a4+ Kc6 41. Bb4 Bg3 42. Bc3 h5 1/2-1/2

[Event "Police Gniota Memorial 34th"]
[Site "Police"]
[Date "2019.07.11"]
[Round "2"]
[White "Pawlicz, Adam"]
[Black "Kalinin, A2222"]
[Result "1-0"]
[WhiteElo "2032"]
[BlackElo "2203"]
[PlyCount "65"]
[EventDate "2019.07.10"]
[EventType "swiss"]
[EventRounds "9"]
[EventCountry "POL"]
[SourceTitle "EXT 2020"]
[Source "ChessBase"]
[SourceDate "2019.10.17"]
[SourceVersion "1"]
[SourceVersionDate "2019.10.17"]
[SourceQuality "1"]

1. d4 Nf6 2. c4 g6 3. Nc3 d5 4. cxd5 Nxd5 5. e4 Nxc3 6. bxc3 Bg7 7. Nf3 c5 8. Rb1 Nc6 9. d5 Ne5 10. Nxe5 Bxe5 11. Qd3 Qc7 12. Be2 0-0 13. h4 f5 14. Qc4 Kg7 15. h5 Rh8 16. h6+ Kf8 17. f4 Bxf4 18. 0-0 Bxc1 19. Rbxc1 Ke8 20. e5 Qxe5 21. Qxc5 Qd6 22. Qd4 e5 23. dxe6 Qxd4+ 24. cxd4 Bxe6 25. Rc7 Bd5 26. Bb5+ Kf8 27. Rfc1 Rb8 28. Bc4 Be4 29. Be6 Ke8 30. d5 Rd8 31. Rxb7 Bxd5 32. Bxd5 Rxd5 33. Rc8+ 1-0

[Event "Police Gniota Memorial 33rd"]
[Site "Police"]
[Date "2018.07.18"]
[Round "8"]
[White "Pawlicz, Adam"]
[Black "Chojnacki, Krzysztof"]
[Result "0-1"]
[WhiteElo "2034"]
[BlackElo "2385"]
[PlyCount "64"]
[EventDate "2018.07.11"]
[EventType "swiss"]
[EventRounds "9"]
[EventCountry "POL"]
[SourceTitle "CBM 185 Extra"]
[Source "ChessBase"]
[SourceDate "2018.07.29"]
[SourceVersion "1"]
[SourceVersionDate "2018.07.29"]
[SourceQuality "1"]

1. e4 d6 2. d4 Nf6 3. Nc3 g6 4. Be3 Bg7 5. Qd2 c6 6. f3 b5 7. 0-0-0 Qa5 8. Kb1 Nbd7 9. g4 Nb6 10. b3 h5 11. g5 Nfd7 12. f4 b4 13. Nce2 c5 14. Nc1 Bb7 15. Bg2 c4 16. Nge2 Rc8 17. h4 Ba6 18. c3 cxb3 19. cxb4 bxa2+ 20. Nxa2 Qa3 21. Nec3 Nc4 22. Qc1 Qb3+ 23. Ka1 Nxe3 24. Qxe3 Nb6 25. Nd5 Qa4 26. Ndc3 Qc6 27. Qf2 0-0 28. e5 Qd7 29. Bh3 e6 30. Ne4 Qa4 31. Rc1 Bc4 32. Rb1 Bd5 0-1

[Event "Police Gniota Memorial 33rd"]
[Site "Police"]
[Date "2018.07.17"]
[Round "7"]
[White "Niedbal, Piotr"]
[Black "Pawlicz, Adam"]
[Result "0-1"]
[WhiteElo "1897"]
[BlackElo "2034"]
[PlyCount "112"]
[EventDate "2018.07.11"]
[EventType "swiss"]
[EventRounds "9"]
[EventCountry "POL"]
[SourceTitle "CBM 185 Extra"]
[Source "ChessBase"]
[SourceDate "2018.07.29"]
[SourceVersion "1"]
[SourceVersionDate "2018.07.29"]
[SourceQuality "1"]

1. e4 e6 2. d4 d5 3. Nd2 Nc6 4. Ngf3 Nf6 5. e5 Nd7 6. c3 f6 7. exf6 Qxf6 8. Bb5 Bd6 9. 0-0 0-0 10. Nb3 Ne7 11. Bg5 Qf7 12. Bd3 Nf5 13. Qc2 Qh5 14. h3 h6 15. Qe2 hxg5 16. Qxe6+ Kh8 17. Bxf5 Nf6 18. Bg4 Bxe6 19. Bxh5 Nxh5 20. Nxg5 Bg8 21. Na5 b6 22. Nc6 a5 23. a4 Nf4 24. Rfe1 Nd3 25. Re2 Rae8 26. Rd2 Bf4 27. Rxd3 Bxg5 28. b4 Re6 29. Ne5 Bf4 30. Rf3 Rff6 31. Nd7 Rf7 32. Nb8 Bd2 33. bxa5 bxa5 34. Rd3 Re2 35. Rf1 Bh7 36. Rg3 Be1 37. Rg5 Bxf2+ 38. Kh1 Be4 39. Nc6 Bg3 40. Rg1 Bf2 41. Rf1 Be3 42. Rh5+ Kg8 43. Rxf7 Kxf7 44. Ne5+ Ke6 45. Nf3 Ra2 46. Ng5+ Bxg5 47. Rxg5 g6 48. Kg1 Rxa4 49. g4 Ra2 50. h4 a4 51. c4 c6 52. Re5+ Kd7 53. cxd5 cxd5 54. h5 gxh5 55. gxh5 Rg2+ 56. Kh1 Rg5+ 0-1

[Event "Police Gniota Memorial 33rd"]
[Site "Police"]
[Date "2018.07.15"]
[Round "5"]
[White "Pawlicz, Adam"]
[Black "Shilov, Sergej"]
[Result "0-1"]
[WhiteElo "2034"]
[BlackElo "2199"]
[PlyCount "34"]
[EventDate "2018.07.11"]
[EventType "swiss"]
[EventRounds "9"]
[EventCountry "POL"]
[SourceTitle "CBM 185 Extra"]
[Source "ChessBase"]
[SourceDate "2018.07.29"]
[SourceVersion "1"]
[SourceVersionDate "2018.07.29"]
[SourceQuality "1"]

1. e4 g6 2. d4 Bg7 3. Nc3 d6 4. Be3 a6 5. Qd2 b5 6. 0-0-0 Bb7 7. f3 Nd7 8. h4 h5 9. Nh3 Rc8 10. Kb1 c5 11. Nf4 cxd4 12. Bxd4 e5 13. Nxh5 gxh5 14. Be3 Bf8 15. g4 hxg4 16. fxg4 Ngf6 17. Bg5 Be7 0-1

[Event "Police Gniota Memorial 32nd"]
[Site "Police"]
[Date "2017.07.09"]
[Round "5"]
[White "Krzywda, Andrzej"]
[Black "Pawlicz, Adam"]
[Result "1-0"]
[WhiteElo "2180"]
[BlackElo "2030"]
[PlyCount "127"]
[EventDate "2017.07.05"]
[EventType "swiss"]
[EventRounds "9"]
[EventCountry "POL"]
[SourceTitle "EXT 2018"]
[Source "ChessBase"]
[SourceDate "2017.10.13"]
[SourceVersion "1"]
[SourceVersionDate "2017.10.13"]
[SourceQuality "1"]

1. e4 e5 2. Nf3 Nc6 3. Bc4 Nf6 4. d3 Be7 5. 0-0 0-0 6. Re1 d6 7. a4 Na5 8. Ba2 c5 9. c3 a6 10. Nbd2 Bd7 11. d4 Qc7 12. h3 b5 13. axb5 axb5 14. Nf1 c4 15. Bg5 Rfe8 16. Bb1 Bc6 17. Ne3 Bd8 18. Nd5 Bxd5 19. exd5 exd4 20. Nxd4 Be7 21. Nf5 Nxd5 22. Bxe7 Nxe7 23. Qxd6 Nd5 24. Rxe8+ Rxe8 25. Qxc7 Nxc7 26. Rxa5 Re1+ 27. Kh2 Rxb1 28. Ra7 g6 29. Ne7+ Kf8 30. Rxc7 Rxb2 31. Kg3 b4 32. cxb4 Rxb4 33. Nd5 Rb3+ 34. Kf4 Rd3 35. Ne3 c3 36. Ke4 Rd2 37. Kf3 Rd3 38. Ke2 Rd2+ 39. Ke1 Kg7 40. Rxc3 Rd7 41. Ke2 h5 42. Kf3 Ra7 43. h4 Rb7 44. Nd5 Rd7 45. Nf4 Ra7 46. Nd3 Re7 47. Rc6 Ra7 48. Rd6 Rb7 49. Ne5 Rb5 50. Ke4 Rb4+ 51. Rd4 Rb2 52. Nd3 Rb7 53. g3 Ra7 54. f3 Re7+ 55. Kf4 f6 56. Rb4 Kf7 57. Rb5 Kg7 58. Nc5 Kh6 59. Rb6 Rc7 60. Ne4 f5 61. Nd6 Rc5 62. Nf7+ Kg7 63. Ne5 Kh7 64. Nxg6 1-0

[Event "Police Gniota Memorial 32nd"]
[Site "Police"]
[Date "2017.07.06"]
[Round "2"]
[White "Pawlicz, Adam"]
[Black "Smieszek, Wojciech"]
[Result "0-1"]
[WhiteElo "2030"]
[BlackElo "2211"]
[PlyCount "28"]
[EventDate "2017.07.05"]
[EventType "swiss"]
[EventRounds "9"]
[EventCountry "POL"]
[SourceTitle "EXT 2018"]
[Source "ChessBase"]
[SourceDate "2017.10.13"]
[SourceVersion "1"]
[SourceVersionDate "2017.10.13"]
[SourceQuality "1"]

1. d4 Nf6 2. Nf3 c5 3. e3 g6 4. Bd3 d6 5. 0-0 Bg7 6. b3 0-0 7. Bb2 Nc6 8. c4 Qc7 9. Nbd2 e5 10. a3 exd4 11. exd4 cxd4 12. Nxd4 Nxd4 13. Bxd4 d5 14. c5 Ng4 0-1

[Event "Police Gniota Memorial 31st"]
[Site "Police"]
[Date "2016.07.14"]
[Round "9"]
[White "Pawlicz, Adam"]
[Black "Stern, Rene"]
[Result "0-1"]
[WhiteElo "2034"]
[BlackElo "2541"]
[PlyCount "42"]
[EventDate "2016.07.06"]
[EventType "swiss"]
[EventRounds "9"]
[EventCountry "POL"]
[SourceTitle "EXT 2017"]
[Source "ChessBase"]
[SourceDate "2016.10.25"]
[SourceVersion "1"]
[SourceVersionDate "2016.10.25"]
[SourceQuality "1"]

1. e4 e5 2. Nf3 Nc6 3. d4 exd4 4. Nxd4 Nf6 5. Nxc6 bxc6 6. e5 Qe7 7. Qe2 Nd5 8. c4 Nb6 9. Nc3 Ba6 10. b3 0-0-0 11. Qe4 f6 12. exf6 Qxf6 13. Bb2 Bb4 14. Qc2 Rhe8+ 15. Be2 Nd5 16. Rc1 Qe5 17. 0-0 Nxc3 18. Bf3 Ne2+ 19. Kh1 Nd4 20. Qd3 Bd6 21. g3 c5 0-1

[Event "Police Gniota Memorial 30th"]
[Site "Police"]
[Date "2015.07.14"]
[Round "8"]
[White "Pawlicz, Adam"]
[Black "Issel, Oliver"]
[Result "1/2-1/2"]
[WhiteElo "2050"]
[BlackElo "2074"]
[PlyCount "74"]
[EventDate "2015.07.08"]
[EventType "swiss"]
[EventRounds "9"]
[EventCountry "POL"]
[SourceTitle "CBM 167 Extra"]
[Source "ChessBase"]
[SourceDate "2015.09.14"]
[SourceVersion "1"]
[SourceVersionDate "2015.09.14"]
[SourceQuality "1"]

1. d4 e6 2. c4 Nf6 3. Nf3 b6 4. Bg5 Bb7 5. e3 h6 6. Bxf6 Qxf6 7. Be2 Qd8 8. 0-0 d6 9. Nbd2 c5 10. e4 cxd4 11. Nxd4 Be7 12. Qc2 Nc6 13. Nxc6 Bxc6 14. f4 0-0 15. Bf3 e5 16. f5 Rc8 17. Qd3 Qc7 18. Rfd1 Qb7 19. Kh1 Rfd8 20. b3 Bg5 21. a4 a6 22. Nb1 b5 23. axb5 axb5 24. Nc3 bxc4 25. bxc4 Qb4 26. Rdb1 Qc5 27. Be2 Rb8 28. g3 Rxb1+ 29. Rxb1 Qf2 30. Rf1 Qc5 31. Kg2 Ra8 32. Nb5 Ra2 33. Rd1 Bxb5 34. cxb5 Rc2 35. Kh3 Rb2 36. Kg2 Bd8 37. Rd2 Rxd2 1/2-1/2

[Event "Police Gniota Memorial 29th"]
[Site "Police"]
[Date "2014.07.17"]
[Round "9"]
[White "Pawlicz, Adam"]
[Black "Jacek, Roksana"]
[Result "1-0"]
[WhiteElo "2027"]
[BlackElo "1870"]
[PlyCount "68"]
[EventDate "2014.07.09"]
[EventType "swiss"]
[EventRounds "9"]
[EventCountry "POL"]
[SourceTitle "CBM 161 Extra"]
[Source "ChessBase"]
[SourceDate "2014.08.29"]
[SourceVersion "1"]
[SourceVersionDate "2014.08.29"]
[SourceQuality "1"]

1. d4 Nf6 2. c4 c5 3. d5 b5 4. cxb5 a6 5. bxa6 Bxa6 6. Nc3 d6 7. e4 Bxf1 8. Kxf1 g6 9. Nf3 Nbd7 10. g3 Bg7 11. Kg2 0-0 12. Qe2 Qa5 13. Re1 Rfb8 14. h3 h6 15. Nd2 Nb6 16. f4 Nfd7 17. Qd3 Na4 18. Nc4 Qb4 19. e5 Ndb6 20. Re4 Nxc4 21. Nxa4 Qxa4 22. Rxc4 Rb4 23. Rxb4 Qxb4 24. a3 Qb7 25. Qe4 dxe5 26. fxe5 e6 27. Rb1 Qxd5 28. Qxd5 exd5 29. b4 cxb4 30. axb4 Bxe5 31. b5 Kg7 32. g4 g5 33. b6 Rd8 34. b7 Bc7 1-0

[Event "Police Gniota Memorial 29th"]
[Site "Police"]
[Date "2014.07.15"]
[Round "7"]
[White "Oleniak, Wlodzimierz"]
[Black "Pawlicz, Adam"]
[Result "0-1"]
[WhiteElo "1838"]
[BlackElo "2027"]
[PlyCount "98"]
[EventDate "2014.07.09"]
[EventType "swiss"]
[EventRounds "9"]
[EventCountry "POL"]
[SourceTitle "CBM 161 Extra"]
[Source "ChessBase"]
[SourceDate "2014.08.29"]
[SourceVersion "1"]
[SourceVersionDate "2014.08.29"]
[SourceQuality "1"]

1. c4 e6 2. g3 d5 3. cxd5 exd5 4. Bg2 Nf6 5. d4 c6 6. Nf3 Bf5 7. 0-0 Bd6 8. Nc3 0-0 9. a3 Nbd7 10. Bd2 Re8 11. Rc1 Rc8 12. e3 h6 13. Re1 Ne4 14. Rf1 Ndf6 15. Na4 b6 16. Nc3 Qd7 17. Nxe4 dxe4 18. Ne1 Bh3 19. f4 Bg4 20. Qb3 Nd5 21. Nc2 a5 22. a4 Be6 23. f5 Bxf5 24. Na3 Bg6 25. Nc4 Bc7 26. Rc2 h5 27. Be1 Ra8 28. Nd2 b5 29. axb5 cxb5 30. Rc5 Rad8 31. Bf2 Nb4 32. Rfc1 Bd6 33. R5c3 a4 34. Qd1 Nd3 35. Rxd3 exd3 36. Bc6 Qg4 37. Qxg4 hxg4 38. Bxe8 Rxe8 39. Nf1 b4 40. Rc6 Bf8 41. Be1 Ra8 42. Kf2 a3 43. bxa3 bxa3 44. Bc3 Be4 45. Rc7 a2 46. Ba1 Rb8 47. Nd2 Rb1 48. Nxe4 Rxa1 49. Ra7 Rh1 0-1

[Event "Police Gniota Memorial 29th"]
[Site "Police"]
[Date "2014.07.13"]
[Round "5"]
[White "Pawlicz, Adam"]
[Black "Lis, Mateusz"]
[Result "1/2-1/2"]
[WhiteElo "2027"]
[BlackElo "1847"]
[PlyCount "160"]
[EventDate "2014.07.09"]
[EventType "swiss"]
[EventRounds "9"]
[EventCountry "POL"]
[SourceTitle "CBM 161 Extra"]
[Source "ChessBase"]
[SourceDate "2014.08.29"]
[SourceVersion "1"]
[SourceVersionDate "2014.08.29"]
[SourceQuality "1"]

1. d4 Nf6 2. c4 g6 3. Nc3 Bg7 4. Nf3 0-0 5. Bf4 c5 6. e3 cxd4 7. exd4 d5 8. Be2 Nc6 9. 0-0 Bg4 10. b3 Qa5 11. Rc1 Rfd8 12. c5 Rd7 13. Re1 Ne4 14. Nxe4 dxe4 15. Ne5 Bxe2 16. Qxe2 Rxd4 17. Nc4 Qd8 18. Rcd1 f5 19. Be3 Rd3 20. f3 Nd4 21. Qf1 Nc2 22. Rxd3 exd3 23. Rd1 Nxe3 24. Nxe3 f4 25. Nc2 Bd4+ 26. Nxd4 Qxd4+ 27. Qf2 Qc3 28. Kf1 Rd8 29. Qd2 Qd4 30. Re1 e5 31. Rc1 Kg7 32. Qf2 d2 33. Rd1 Qc3 34. Qe2 Qxc5 35. Qe4 Rd7 36. Ke2 Qd6 37. Qc4 a6 38. Qe4 b5 39. Qc2 Qd4 40. Qxd2 Kf6 41. Qxd4 Rxd4 42. Rc1 e4 43. fxe4 Rxe4+ 44. Kf2 Re6 45. Rc5 Rd6 46. a4 bxa4 47. bxa4 Rd2+ 48. Kf3 Ra2 49. Rc6+ Kf5 50. Rxa6 Ra3+ 51. Kf2 g5 52. h3 Rb3 53. Ra8 Ra3 54. a5 Kg6 55. a6 Kh5 56. Ke2 h6 57. Kf2 Kh4 58. Ra7 h5 59. Ra8 Ra2+ 60. Kf3 Ra4 61. Kf2 Ra3 62. Ra7 Ra4 63. Ra8 g4 64. hxg4 hxg4 65. Rh8+ Kg5 66. Rg8+ Kf5 67. Rf8+ Ke5 68. Re8+ Kd5 69. Rd8+ Kc6 70. Rf8 Kb6 71. Rf6+ Ka7 72. Rg6 Ra2+ 73. Kf1 Ra1+ 74. Kf2 g3+ 75. Kf3 Rf1+ 76. Kg4 Rf2 77. Kh3 f3 78. gxf3 Rxf3 79. Rxg3 Rxg3+ 80. Kxg3 Kxa6 1/2-1/2

[Event "Police Gniota Memorial 28th"]
[Site "Police"]
[Date "2013.07.18"]
[Round "9"]
[White "Maruszczak, Joanna"]
[Black "Pawlicz, Adam"]
[Result "1-0"]
[WhiteElo "1824"]
[BlackElo "2048"]
[PlyCount "99"]
[EventDate "2013.07.10"]
[EventType "swiss"]
[EventRounds "9"]
[EventCountry "POL"]
[SourceTitle "CBM 155 Extra"]
[Source "ChessBase"]
[SourceDate "2013.08.26"]
[SourceVersion "1"]
[SourceVersionDate "2013.08.26"]
[SourceQuality "1"]

1. e4 e5 2. Nf3 Nc6 3. Bb5 g6 4. c3 a6 5. Ba4 d6 6. h3 Bg7 7. 0-0 Bd7 8. d4 exd4 9. cxd4 Nge7 10. Nc3 0-0 11. Re1 h6 12. Be3 g5 13. Qd2 Ng6 14. Rac1 Rc8 15. Bc2 Nce7 16. Ne2 d5 17. e5 Nf5 18. Bxf5 Bxf5 19. Ng3 Qd7 20. Nxf5 Qxf5 21. Qb4 b6 22. Qa4 Nf4 23. Bxf4 Qxf4 24. Qxa6 Ra8 25. Qb5 Rxa2 26. Rxc7 h5 27. Qb3 g4 28. Qxa2 gxf3 29. Qxd5 fxg2 30. Qxg2 Qxd4 31. e6 fxe6 32. Rxe6 Kh8 33. Ree7 Qd1+ 34. Kh2 Qd6+ 35. Kg1 Qd1+ 36. Qf1 Qxf1+ 37. Kxf1 Bxb2 38. Rh7+ Kg8 39. Rxh5 Bd4 40. Rg5+ Kh8 41. Rc2 Kh7 42. Kg2 Kh6 43. Rg4 Bc5 44. f4 Rf7 45. Kf3 Re7 46. Re2 Rf7 47. Reg2 Kh5 48. Rg5+ Kh6 49. R2g4 Bd6 50. Rh4# 1-0

[Event "Police Gniota Memorial 27th"]
[Site "Police"]
[Date "2012.07.12"]
[Round "2"]
[White "Lanica, Lukasz"]
[Black "Pawlicz, Adam"]
[Result "0-1"]
[WhiteElo "1675"]
[BlackElo "2079"]
[PlyCount "106"]
[EventDate "2012.07.11"]
[EventType "swiss"]
[EventRounds "9"]
[EventCountry "POL"]
[SourceTitle "CBM 149 Extra"]
[Source "ChessBase"]
[SourceDate "2012.08.24"]
[SourceVersion "1"]
[SourceVersionDate "2012.08.24"]
[SourceQuality "1"]

1. e4 g6 2. d4 Bg7 3. Nc3 d6 4. f4 Nf6 5. Nf3 0-0 6. Bd3 e6 7. 0-0 c5 8. e5 Nd5 9. Ne4 Nc6 10. Nxd6 cxd4 11. Kh1 f6 12. Nc4 b6 13. Qe2 Qc7 14. Re1 fxe5 15. fxe5 Nf4 16. Bxf4 Rxf4 17. Rf1 Bb7 18. Ng5 Rxf1+ 19. Rxf1 Qe7 20. Nxh7 Qh4 21. Bxg6 d3 22. Qxd3 Nxe5 23. Nxe5 Bxe5 24. h3 Bg3 25. Kg1 Rd8 26. Qc3 Rd4 27. Qe3 e5 28. Qa3 Rb4 29. Qd3 Rd4 30. Qf5 Qe7 31. Qf7+ Qxf7 32. Rxf7 Rd1+ 33. Rf1 Bh2+ 34. Kf2 Rd2+ 35. Ke3 Rxg2 36. Rf8+ Kg7 37. Rf7+ Kxg6 38. Rxb7 Rxc2 39. Rxa7 Rxb2 40. Nf8+ Kf6 41. Ra4 Kf5 42. h4 b5 43. Ra6 e4 44. Kd4 Be5+ 45. Ke3 Bf4+ 46. Kd4 e3 47. Nh7 Rd2+ 48. Kc5 e2 49. Rf6+ Ke4 50. Ng5+ Bxg5 51. hxg5 Rd5+ 52. Kc6 e1Q 53. Kb6 Rxg5 0-1

[Event "Police Gniota Memorial 27th"]
[Site "Police"]
[Date "2012.07.11"]
[Round "1"]
[White "Pawlicz, Adam"]
[Black "Urban, Klaudiusz"]
[Result "0-1"]
[WhiteElo "2079"]
[BlackElo "2453"]
[PlyCount "55"]
[EventDate "2012.07.11"]
[EventType "swiss"]
[EventRounds "9"]
[EventCountry "POL"]
[SourceTitle "CBM 149 Extra"]
[Source "ChessBase"]
[SourceDate "2012.08.24"]
[SourceVersion "1"]
[SourceVersionDate "2012.08.24"]
[SourceQuality "1"]

1. e4 g6 2. d4 Bg7 3. Nc3 d6 4. Be3 a6 5. Qd2 b5 6. a3 Bb7 7. f3 Nd7 8. Nge2 Rc8 9. h4 h5 10. Kf2 Ngf6 11. d5 c6 12. dxc6 Bxc6 13. Nd4 Bb7 14. a4 b4 15. Na2 a5 16. Bd3 d5 17. e5 Nxe5 18. Nc1 0-0 19. Nce2 Re8 20. Rhe1 Nxd3+ 21. cxd3 e5 22. Nb3 d4 23. Bg5 Qd5 24. Qd1 Ng4+ 25. Kg1 Ne3 26. Bxe3 dxe3 27. d4 exd4 28. Nbxd4 0-1

[Event "Police Gniota Memorial 27th"]
[Site "Police"]
[Date "2012.07.11"]
[Round "3"]
[White "Pawlicz, Adam"]
[Black "Vysochin, Spartak"]
[Result "0-1"]
[WhiteElo "2079"]
[BlackElo "2533"]
[PlyCount "80"]
[EventDate "2012.07.11"]
[EventType "swiss"]
[EventRounds "9"]
[EventCountry "POL"]
[SourceTitle "CBM 149 Extra"]
[Source "ChessBase"]
[SourceDate "2012.08.24"]
[SourceVersion "1"]
[SourceVersionDate "2012.08.24"]
[SourceQuality "1"]

1. e4 e6 2. d4 d5 3. e5 c5 4. c3 Qb6 5. Nf3 Nc6 6. a3 Nh6 7. b4 cxd4 8. cxd4 Nf5 9. Bb2 Bd7 10. g4 Nfe7 11. Nc3 Na5 12. Na4 Qc6 13. bxa5 Qxa4 14. Qxa4 Bxa4 15. Kd2 Nc6 16. Bc3 a6 17. Bd3 Be7 18. Rhb1 0-0-0 19. Bb4 Rd7 20. Rb2 Bd8 21. Rc1 Kb8 22. Ke3 Ka8 23. Nd2 h5 24. g5 Bxg5+ 25. f4 Bd8 26. Nb1 g5 27. f5 g4 28. f6 Bxa5 29. Bxa5 Nxa5 30. Rb4 Bc6 31. Nd2 Ka7 32. Kf4 Rdd8 33. Rc5 b6 34. Rc2 Rc8 35. Rcb2 b5 36. a4 bxa4 37. Rb6 Bb7 38. Rd6 Rc3 39. Bf1 Rg8 40. Rd7 g3 0-1

[Event "Police Gniota Memorial 26th"]
[Site "Police"]
[Date "2011.07.12"]
[Round "8"]
[White "Chojnacki, Krzysztof"]
[Black "Pawlicz, Adam"]
[Result "1-0"]
[WhiteElo "2437"]
[BlackElo "2044"]
[PlyCount "65"]
[EventDate "2011.07.05"]
[EventType "swiss"]
[EventRounds "9"]
[EventCountry "POL"]
[SourceTitle "CBM 143 Extra"]
[Source "ChessBase"]
[SourceDate "2011.08.29"]
[SourceVersion "1"]
[SourceVersionDate "2011.08.29"]
[SourceQuality "1"]

1. d4 Nf6 2. c4 e6 3. Nc3 Bb4 4. Nf3 0-0 5. Bg5 h6 6. Bh4 b6 7. e3 d6 8. Bd3 Bxc3+ 9. bxc3 Bb7 10. 0-0 Nbd7 11. Nd2 c5 12. f4 Qe8 13. e4 cxd4 14. cxd4 e5 15. fxe5 dxe5 16. d5 Nh7 17. Nb3 f6 18. Rc1 Nc5 19. Nxc5 bxc5 20. Qb3 Qe7 21. Qa3 Rfc8 22. Rb1 Rc7 23. Rb5 Ng5 24. Rfb1 Rac8 25. d6 Qxd6 26. Rxb7 Nxe4 27. Bxe4 Qd4+ 28. Bf2 Qxe4 29. Qb3 Kh7 30. Rxc7 Rxc7 31. Re1 Qg4 32. Qd3+ g6 33. Qd6 1-0

[Event "Police Gniota Memorial 26th"]
[Site "Police"]
[Date "2011.07.11"]
[Round "7"]
[White "Pawlicz, Adam"]
[Black "Maniocha, Andrzej"]
[Result "1-0"]
[WhiteElo "2044"]
[BlackElo "2191"]
[PlyCount "115"]
[EventDate "2011.07.05"]
[EventType "swiss"]
[EventRounds "9"]
[EventCountry "POL"]
[SourceTitle "CBM 143 Extra"]
[Source "ChessBase"]
[SourceDate "2011.08.29"]
[SourceVersion "1"]
[SourceVersionDate "2011.08.29"]
[SourceQuality "1"]

1. e4 c5 2. Nf3 Nc6 3. c3 e6 4. d4 d5 5. e5 Qb6 6. a3 c4 7. Nbd2 Na5 8. Be2 Bd7 9. 0-0 Ne7 10. Qc2 Rc8 11. Re1 a6 12. Rb1 Nb3 13. Nf1 Ba4 14. Be3 Nc6 15. Ng5 Qa5 16. Bd1 Be7 17. Qe2 Qd8 18. Qh5 g6 19. Qh6 Bf8 20. Qh3 h6 21. Bc2 Ne7 22. Nxe6 fxe6 23. Qxe6 Rg8 24. Qf6 Rc7 25. Bf4 Bg7 26. Bxg6+ Kd7 27. Bf5+ Nxf5 28. Qxf5+ Kc6 29. e6 Re7 30. Re2 Qf8 31. Ne3 Qxf5 32. Nxf5 Ree8 33. Rbe1 h5 34. e7 b5 35. Re6+ Kd7 36. Rd6+ Kc7 37. Rg6+ Kd7 38. Rxg7 Rxg7 39. Nxg7 Rxe7 40. Rxe7+ Kxe7 41. Nxh5 a5 42. Be5 Nc1 43. Nf4 Nd3 44. Nxd3 cxd3 45. Bf4 Ke6 46. f3 Bd1 47. Kf2 a4 48. g4 Kf6 49. Kg3 Be2 50. Bd2 Bd1 51. h4 Be2 52. f4 Bd1 53. f5 Be2 54. Kf4 Bd1 55. g5+ Kg7 56. Ke5 Bf3 57. g6 Bg4 58. Kf4 1-0